| 000 | 00858nam a22001937a 4500 | ||
|---|---|---|---|
| 003 | OSt | ||
| 005 | 20260218203533.0 | ||
| 008 | 260218b |||||||| |||| 00| 0 eng d | ||
| 040 | _c0 | ||
| 082 | _2DPer 796.07 J826 January-October 2023 v. 42 n. 1-4 | ||
| 100 |
_aBarnes, Colin S. _eauthor. _969833 |
||
| 245 |
_ait's Avoiding Getting Sued for Concussion for those Kids : _bPedagogical Responses of Youth Soccer Coaches to New Guidelines on Heading / _cColin S. Barnes and Matthew D. Curtner-Smith. |
||
| 260 |
_aChampaign, IL ; _bHuman Kinetics, Inc. , _cOctober 2023. |
||
| 300 |
_aVolume 42, pages 696-704 : _billustration ; _c29 cm. |
||
| 500 | _aJournal of Teaching in Physical Education, vol. 42 no. 4, pages 696-704, October 2023. | ||
| 700 |
_aBarnes, Colin S. _eauthor. _969833 |
||
| 700 |
_aCurtner-smith, Matthew. _eauthor. _959802 |
||
| 942 |
_2ddc _cPER |
||
| 999 |
_c24360 _d24360 |
||